Euro 2016 - Statystyki

Ogólne statystyki
  • Ten quiz został rozwiązany 2 razy
  • Średni wynik to 2 z 10
Statystyki odpowiedzi
miasto stadion % Poprawnych
Saint-Denis Stade de France
100%
Paryż Parc des Princes
50%
Marsylia Stade Velodrome
50%
Nicea Allianz Riviera
0%
Bordeaux Matmut Atlantique
0%
Lyon Parc OL
0%
Lens Stade Felix-Bollaert
0%
Saint-Etienne Stade Geoffroy-Guichard
0%
Lille Stade Pierre-Mauroy
0%
Tuluza Stadium de Toulouse
0%
Nie znaleziono quizów pasujących do podanych kryteriów
Rozkład punktacji
Procent ludzi z każdym wynikiem
Percentyl według liczby udzielonych odpowiedzi
Twoja historia wyników
Nie rozwiązałeś tego quizu